000 00255nam a2200097Ia 4500
008 171211s9999 xx 000 0 und d
245 _aSony DSC W800 User Guide
260 _c2017
650 _xcinema
856 _uhttp://down.ebook777.com/063/B071LJTRTW.pdf
999 _c348732
_d348732